Kočky /

Hlavní autor: Perčynská-Říhová, Marie, 1953-
Další autoři: Bílek, René, Zhoř, Petr, 1948-
Jazyk: Čeština
Vydáno: [Praha] : Orbis pictus, 1992
Vydání: 1. vyd.
Témata:
Externí odkaz: Digitalizovaný dokument
Fyzický popis: 150 s. : il.
Knihy
Uloženo v:
LEADER 01226nam a22003252a 4500
001 000214359
003 CZ BrMZK
005 20080321111300.0
007 ta
008 970107s1992 xr a f cze d
015 |a cnb000074041 
020 |a 80-85240-43-2 
035 |a (OCoLC)39572459 
040 |a BOA001  |b cze 
080 9 |a 636.8(084.1) 
100 1 |a Perčynská-Říhová, Marie,  |d 1953-  |7 jx20050621047  |4 aut 
245 1 0 |a Kočky /  |c Marie Říhová, René Bílek ; foto Petr Zhoř ; ilustrace Karel Nedvěd a Magdalena Krchnová 
250 |a 1. vyd. 
260 |a [Praha] :  |b Orbis pictus,  |c 1992 
300 |a 150 s. :  |b il. 
504 |a Obsahuje bibliografii 
700 1 |a Bílek, René  |4 aut 
700 1 |a Zhoř, Petr,  |d 1948-  |7 jk01152574  |4 pht 
856 4 1 |u http://www.digitalniknihovna.cz/mzk/uuid/uuid:25955710-ff9d-11e4-9d6f-005056827e51  |y Digitalizovaný dokument  |x NDK 
910 |a BOA001  |b PK-N-0029.820  |b 4-0984.646 
920 |a 000368814 
964 |a Kočky - výklady populární 
990 |a BK 
996 6 |b 2619826454  |c 4-0984.646  |l MZK  |r Sklad / do 1 hodiny  |n 6  |w 000214359  |u 000020  |a 1  |e BOA001  |j MZK50  |s P 
996 6 |b 3119905759  |c PK-N-0029.820  |l MZK  |r STM 6p  |n 1  |h 636.8 ŘÍH  |w 000214359  |u 000010  |a 0  |e BOA001  |j MZK50  |s P